Mahomet et la tradition islamique /

محفوظ في:

المؤلف الرئيسي: Dermenghem, Émile, 1892-1971 (مؤلف)

التنسيق: كتاب

اللغة: French
Arabic

منشور في: [Paris] : Éditions du Seuil, [1955].

سلاسل: Maîtres spirituels ; 1.

الموضوعات:

الوسوم: إضافة وسم

لا توجد وسوم, كن أول من يضع وسما على هذه التسجيلة!

رقم الطلب: BP75 .D45 1955

LEADER 00922nam a2200301I 4500
001 8651
003 OSt
005 20250923091512.0
008 130303s1955 fr abc b 000 0bfre d
010 |a a 56003692 
035 |a ocm02147295 
040 |c ARCE Library 
041 0 |a fre  |a ara 
050 4 |a BP75 .D45 1955 
100 1 |a Dermenghem, Émile,  |d 1892-1971,  |e author  |9 28932 
245 1 0 |a Mahomet et la tradition islamique /  |c Emile Dermenghem. 
264 1 |a [Paris] :  |b Éditions du Seuil,  |c [1955]. 
300 |a 191 page :   |b illustrations, portraits, map (on pages 2 of cover) ;   |c 18 cm. 
490 1 |a Maîtres spirituels ;  |v 1. 
500 |a "Addendum" slip laid in. 
504 |a Bibliography : pages 188-191. 
546 |a Text in French and Arabic. 
600 0 0 |a Muḥammad,  |c Prophet,  |d -632. 
650 0 |a Islam. 
830 0 |a Maîtres spirituels ;  |v 1. 
901 |a reviewed 
942 |c BK  |2 lcc 
999 |c 4133  |d 4133